000 00853nam a2200277Ia 4500
001 Z_1029
003 CHAP
008 220113s198X xx 000 0 und d
010 _a164109
040 _cCHAP
082 _a636.085 O44
100 _aOjeda García, Félix
_982901
245 _aConservación de pastos y forrajes /
_cpor Félix Ojeda García, Orestes Cáceres García y Marcos Esperance Matamoros
260 _a[La Habana] :
_bMinisterio de Educación Superior,
_c198X
300 _a133 p
650 _aAlimentos y alimentación del ganado I. Cáceres García, Orestes II. Esperance Matamoros, Marcos
_9138190
650 _aEnsilaje
_937102
650 _aHeno como forraje
_953622
650 _aPastos forrajeros
_986094
901 _a636.085 O44
902 _aM
910 _a198X
942 _c1
942 _cc1
999 _c164109
_d164109